MARC

LEADER 00000nam0a2200000 4500
001 273535
005 20231101234635.0
035 |a (RuTPU)RU\TPU\book\296744 
090 |a 273535 
100 |a 20141027d1986 k y0rusy50 ca 
101 0 |a rus 
102 |a RU 
105 |a a z 001zy 
200 1 |a Растровые системы для получения объемных изображений  |f Ю. А. Дудников, Б. К. Рожков 
210 |a Ленинград  |c Машиностроение  |d 1986 
215 |a 216 с.  |c ил. 
320 |a Библиогр.: с. 209-215 
606 1 |a Акустическая голография  |2 stltpush  |3 (RuTPU)RU\TPU\subj\1704  |9 30411 
610 1 |a бинокулярное зрение 
610 1 |a стереопсис 
610 1 |a достижения 
610 1 |a линзовые растры 
610 1 |a растровое изображение 
610 1 |a интегральное изображение 
610 1 |a применение 
675 |a 778.4  |v 4 
700 1 |a Дудников  |b Ю. А.  |g Юрий Анатольевич 
701 1 |a Рожков  |b Б. К.  |g Борис Константинович 
801 1 |a RU  |b 63413507  |c 20141027 
801 2 |a RU  |b 63413507  |c 20170321  |g RCR 
942 |c BK